Bandwagon Quiz - Milwaukee Brewers - Statistics

General Stats
  • This quiz has been taken 118 times
  • The average score is 17 of 20
Answer Stats
Hint Answer % Correct
How many World Series titles do the Brewers have? 0
99%
What is the name of the ballpark where the Brewers play? American Family Field
95%
In what year did the Brewers make their only World Series appearance? 1982
93%
What left fielder won MVP for the Brewers in 2018? Christian Yelich
93%
Who won MVP as a Brewer in 1982 and 1989, and leads the team in hits? Robin Yount
93%
What was the Brewers' ballpark called until 2020? Miller Park
92%
Who won the Cy Young award as a Brewer in 2021? Corbin Burnes
91%
The Brewers' mascot is famous for taking a ride on what after home runs? Slide
88%
What first baseman hit over 200 home runs from 2005-2011 with the Brewers? Prince Fielder
87%
Who leads the Brewers in all-time home runs? Ryan Braun
86%
What is the name of the Brewers' mascot? Bernie
85%
What NBA player became minority owner of the Brewers in 2021? Giannis Antetokounmpo
85%
Who is the current manager of the Brewers? Pat Murphy
83%
A group of what meat races around the ballpark during the 6th inning of every game? Sausage
81%
Who has been the play-by-play announcer for the Brewers since 1971? Bob Uecker
77%
What rhyming nickname is given to the Brewers franchise? Brew Crew
77%
What relief pitcher won MVP as a Brewer in 1981? Rollie Fingers
73%
What is the name of the Brewers' Triple-A affiliate? Nashville Sounds
71%
What is the name of the dog that has become an unofficial Brewers mascot? Hank
60%
Who leads the Brewers in all-time strikeouts? Yovani Gallardo
47%
No matching quizzes found
Score Distribution
Percent of People with Each Score
Percentile by Number Answered
Your Score History
You have not taken this quiz